Central Library OPAC University of Rajshahi

A dictionary of media and communication / (Record no. 81508)

MARC details
000 -LEADER
fixed length control field 01150nam a2200349 4500
001 - CONTROL NUMBER
control field 81508
003 - CONTROL NUMBER IDENTIFIER
rucl marc code (BD-RjUL)81508
005 - DATE AND TIME OF LATEST TRANSACTION
control field 20230605155146.0
008 - FIXED-LENGTH DATA ELEMENTS--GENERAL INFORMATION
fixed length control field 230605s2020 enk bd 000 0 eng d
020 ## - INTERNATIONAL STANDARD BOOK NUMBER
International Standard Book Number 9780198841838
Qualifying information paperback
035 ## - SYSTEM CONTROL NUMBER
System control number (BD-RjUL)81508
040 ## - CATALOGING SOURCE
Language of cataloging eng
Transcribing agency (BD-RjUL)
Original cataloging agency BD-RjUL
041 ## - LANGUAGE CODE
Language code of text/sound track or separate title eng
082 04 - DEWEY DECIMAL CLASSIFICATION NUMBER
Edition number 23
Classification number 302.203
Author mark and year CHD 2020
100 1# - MAIN ENTRY--PERSONAL NAME
Personal name Chandler, Daniel,
Relator term author.
9 (RLIN) 7855
245 12 - TITLE STATEMENT
Title A dictionary of media and communication /
Statement of responsibility, etc. Daniel Chandler and Rod Munday.
246 30 - VARYING FORM OF TITLE
Title proper/short title Media and communication
250 ## - EDITION STATEMENT
Edition statement Third edition.
264 #1 - PRODUCTION, PUBLICATION, DISTRIBUTION, MANUFACTURE, AND COPYRIGHT NOTICE
Place of production, publication, distribution, manufacture Oxford :
Name of producer, publisher, distributor, manufacturer Oxford University Press,
Date of production, publication, distribution, manufacture, or copyright notice 2020.
300 ## - PHYSICAL DESCRIPTION
Pagination 544 pages ;
Size 20 cm.
336 ## - CONTENT TYPE
Content type term text
Source rdacontent
337 ## - MEDIA TYPE
Media type term unmediated
Source rdamedia
490 1# - SERIES STATEMENT
Series statement Oxford quick reference
504 ## - BIBLIOGRAPHY, ETC. NOTE
Bibliography, etc Includes bibliographical references.
650 #0 - SUBJECT ADDED ENTRY--TOPICAL TERM
Topical term or geographic name as entry element Communication
Form subdivision Dictionaries.
9 (RLIN) 7856
Topical term or geographic name as entry element Mass media
Form subdivision Dictionaries.
9 (RLIN) 7857
Topical term or geographic name as entry element Communication.
Source of heading or term fast
Authority record control number (OCoLC)fst00869952
Topical term or geographic name as entry element Mass media.
Source of heading or term fast
Authority record control number (OCoLC)fst01011219
9 (RLIN) 7858
700 1# - ADDED ENTRY--PERSONAL NAME
Personal name Munday, Rod,
Relator term author.
830 #0 - SERIES ADDED ENTRY--UNIFORM TITLE
Uniform title Oxford quick reference.
942 ## - ADDED ENTRY ELEMENTS (KOHA)
Source of classification or shelving scheme Dewey Decimal Classification
Koha item type Reference
Holdings
Lost status Source of classification or shelving scheme Damaged status Not for loan Collection code Permanent Location Current Location Shelving location Date acquired Source of acquisition Cost, normal purchase price Full call number Date last seen Copy number Koha item type
  Dewey Decimal Classification   Not For Loan Non-fiction Central Library, University of Rajshahi Central Library, University of Rajshahi Reference 16/05/2023 Dhaka: BM Book 1145.00 R 302.203 CHD 2020 05/06/2023 C-1 Books
  Dewey Decimal Classification   Not For Loan Non-fiction Central Library, University of Rajshahi Central Library, University of Rajshahi Reference 16/05/2023 Dhaka: BM Book 1145.00 R 302.203 CHD 2020 05/06/2023 C-2 Books